000
00272nam a2200109Ia 4500
008
201217s9999 xx 000 0 und d
100
_a
Taha, Hamdy, A.
245
0
_a
Simulation Modeling and Simnet
260
_a
Englewood Cliffs
_b
Prentice Hall
300
_a
395
942
_c
BK
999
_c
7842
_d
7842